Játszva szlovákul Mi fán terem a Szkabela-Bóna módszer?

Bibliographic Details
Main Authors: Szkabela, Rózsa (Author), Bóna, Irén (Author), Németh, Ingrid (Author)
Format: Article
Language:Hungarian
PhysicalDescription:Fotogr. 2, obr. 1
Subjects:

MARC

LEADER 00000nab a2200000 a 4500
001 vtls000578080
003 SK-MaSNL
005 20260318132735.0
008 180331c1996 xo 0 hun
015 |a SNBRB19rr/mm-uuuuu 
035 |a CL0578218 
040 |a SNKBUCL  |b slo  |c SNKBUCL  |e AACR2 
041 0 |a hun 
044 |a xo  |c SK 
080 |a 372.880.854  |2 1981 
080 |a 373.3(437.6=945.11)  |2 1981 
100 1 |a Szkabela, Rózsa  |4 aut  |9 1219976 
245 1 0 |a Játszva szlovákul  |b Mi fán terem a Szkabela-Bóna módszer?  |c Rózsa Szkabela, Irén Bóna, Ingrid Németh 
300 |b Fotogr. 2, obr. 1 
650 0 7 |a jazyk slovenský a literatúra  |2 snkbucl  |9 966099 
650 0 7 |a základné školy s vyučovacím jazykom maďarským  |2 snkbucl  |9 87207 
650 0 7 |a metóda Skabela-Bóna  |2 snkbucl  |9 1223543 
655 7 |a články z novín a časopisov  |2 snkbucl  |9 267496 
700 1 |a Bóna, Irén  |4 aut  |9 916701 
700 1 |a Németh, Ingrid  |4 aut  |9 902669 
773 0 |t Új nő  |g Roč. 5, č. 2 (1996), s. 12-13 
850 |a Slovenská národná knižnica v Martine  |a DSG001 
852 |a SNK  |b KIS3GCP 
958 |a NX 
958 |a RK 
958 |a HU 
958 |a SK 
992 |a RBX 
999 |c 2149151  |d 2151081